000 00782cam a2200265 a 4500
001 146577
003 OSt
005 20180921
008 000000 dr 0000000000 00
110 _aRepública Dominicana
245 _a[Ley no. 327-98] Ley no. 327-98 del 11 de agosto de 1998 y resolución que establece el reglamento de la carrera judicial
260 _aSanto Domingo :
_b[s. n.]
300 _a104 p.
650 _aADMINISTRACION DE JUSTICIA
_aCARRERA JUDICIAL
_aJUECES
040 _aDLC
_cDLC
942 _2ddc
_cBK
999 _c146577
_d14657700